<?xml version="1.0" encoding="UTF-8"?>
<record
    xmlns:xsi="http://www.w3.org/2001/XMLSchema-instance"
    xsi:schemaLocation="http://www.loc.gov/MARC21/slim http://www.loc.gov/standards/marcxml/schema/MARC21slim.xsd"
    xmlns="http://www.loc.gov/MARC21/slim">

  <leader>00413    a2200133   4500</leader>
  <controlfield tag="001">76015</controlfield>
  <controlfield tag="005">20260320144937.0</controlfield>
  <datafield tag="010" ind1=" " ind2=" ">
    <subfield code="a">9725400089</subfield>
  </datafield>
  <datafield tag="090" ind1=" " ind2=" ">
    <subfield code="a">76015</subfield>
  </datafield>
  <datafield tag="100" ind1=" " ind2=" ">
    <subfield code="a">20260320              pory50        </subfield>
  </datafield>
  <datafield tag="200" ind1=" " ind2=" ">
    <subfield code="a">O Brotar da Cria&#xE7;&#xE3;o: um olhar din&#xE2;mico pela ci&#xEA;ncia, a filosofia e a teologia</subfield>
    <subfield code="f">Sebasti&#xE3;o J. Formosinho; J. Oliveira Branco</subfield>
  </datafield>
  <datafield tag="205" ind1=" " ind2=" ">
    <subfield code="a">2 &#xAA;</subfield>
  </datafield>
  <datafield tag="210" ind1=" " ind2=" ">
    <subfield code="c">Universidade Cat&#xF3;lica Editora</subfield>
    <subfield code="d">1999</subfield>
  </datafield>
  <datafield tag="942" ind1=" " ind2=" ">
    <subfield code="c">MON</subfield>
  </datafield>
</record>
